| 000 | 00951nam a2200277 i 4500 | ||
|---|---|---|---|
| 001 | 000026550 | ||
| 003 | DO-SdBNP | ||
| 005 | 20240717133456.0 | ||
| 007 | ta | ||
| 008 | 110323s2001 dr ac 000 0 spa d | ||
| 020 | _a8475561233 | ||
| 040 |
_aDO-SdBNP _bspa _cBNPHU _erda |
||
| 049 | _aBNPD | ||
| 082 | 4 | _222 | |
| 240 | 1 | 0 | _aTeach yourself instant reference : philosophy |
| 245 | 1 | 0 |
_aNuevo diccionario de filosofía / _ctraducción, Carolina Sanin. |
| 264 |
_aBarcelona : _bGrupo Océano, _c2001. |
||
| 300 |
_a238 páginas : _bilustraciones, retratos ; _c21 cm. |
||
| 336 |
_2rdacontent _atexto _btxt |
||
| 337 |
_2rdamedia _asin mediación _bn |
||
| 338 |
_2rdacarrier _avolumen _bnc |
||
| 505 | 2 | _aResumen histórico * Los personajes * Las ideas - Síntesis de los sistemas filosóficos - Contiene ilustraciones, cuadros y citas. | |
| 590 | _aInventariado, 2024/BT | ||
| 700 | 1 |
_aSanin, Carolina, _etraducción _953653 |
|
| 942 |
_2ddc _cLBS1 |
||
| 999 |
_c26042 _d26042 |
||